[Event "Scarborough CC Spring-Summer Swiss"]
[Site "Toronto CAN"]
[Date "2022.05.05"]
[Round "5.2"]
[White "Yang, Larry"]
[Black "Jacobs, Michael"]
[Result "0-1"]
[WhiteElo "1715"]
[BlackElo "1755"]
[PlyCount "90"]
[EventDate "2022.04.07"]
[EventType "swiss"]
[EventRounds "6"]
[EventCountry "CAN"]

1. e4 c6 2. d4 d5 3. e5 Bf5 4. Nf3 e6 5. c4 Ne7 6. Nc3 c5 7. dxc5 Nbc6 8. Nb5
Ng6 9. Nd6+ Bxd6 10. exd6 Qa5+ 11. Bd2 Qxc5 12. d7+ Kxd7 13. cxd5 Qxd5 14. Be2
Ke7 15. O-O Rhd8 16. b4 Nd4 17. Nxd4 Qxd4 18. Bg5+ f6 19. Qxd4 Rxd4 20. Be3
Rdd8 21. Rac1 Bd3 22. Bxd3 Rxd3 23. Rc7+ Rd7 24. Rxd7+ Kxd7 25. Rd1+ Ke7 26. b5
b6 27. a4 Rd8 28. Rc1 Ne5 29. h3 Rd7 30. Rc8 Nd3 31. Ra8 Nb4 32. a5 Nd5 33.
axb6 axb6 34. Rb8 Rd6 35. Bc1 Rd7 36. h4 Kd6 37. Rc8 Rc7 38. Ba3+ Ke5 39. Rd8
Kf5 40. f3 Nc3 41. g4+ Kg6 42. h5+ Kg5 43. Kg2 Nxb5 44. Bb4 f5 45. Re8 fxg4 0-1

[Event "Scarborough CC Spring-Summer Swiss"]
[Site "Toronto CAN"]
[Date "2022.05.05"]
[Round "5.3"]
[White "Huang, Youhe"]
[Black "Jeyakumar, Bhavatharshan"]
[Result "1-0"]
[WhiteElo "2203"]
[BlackElo "1808"]
[PlyCount "65"]
[EventDate "2022.04.07"]
[EventType "swiss"]
[EventRounds "6"]
[EventCountry "CAN"]

1. e4 c5 2. Nf3 e6 3. Nc3 Nc6 4. Bb5 Nd4 5. O-O a6 6. Bd3 Qc7 7. Nxd4 cxd4 8.
Ne2 e5 9. f4 d6 10. c3 dxc3 11. dxc3 Nf6 12. h3 Be7 13. c4 Be6 14. b3 O-O 15.
f5 Bd7 16. Be3 b5 17. Rc1 bxc4 18. Bxc4 Qb7 19. Bd5 Nxd5 20. Qxd5 Qxd5 21. exd5
Bb5 22. Rf2 Bh4 23. g3 Bxe2 24. Rxe2 Bxg3 25. Rc6 Rfd8 26. Bg5 f6 27. Bxf6 gxf6
28. Rg2 Kf8 29. Rxg3 Ra7 30. Kf2 a5 31. Rgc3 Rdd7 32. Rc8+ Kf7 33. Rg3 1-0

[Event "Scarborough CC Spring-Summer Swiss"]
[Site "Toronto CAN"]
[Date "2022.05.05"]
[Round "5.4"]
[White "Hay, Jonathan"]
[Black "Pedersen, Rune"]
[Result "0-1"]
[WhiteElo "2034"]
[BlackElo "2200"]
[PlyCount "70"]
[EventDate "2022.04.07"]
[EventType "swiss"]
[EventRounds "6"]
[EventCountry "CAN"]

1. d4 Nf6 2. Bf4 d5 3. e3 c5 4. Nf3 Nc6 5. Nbd2 Bf5 6. dxc5 Bg4 7. Nb3 e6 8. c3
Ne4 9. h3 Bxf3 10. Qxf3 Nxc5 11. Nxc5 Bxc5 12. Bb5 O-O 13. Bxc6 bxc6 14. O-O
Qf6 15. Qg3 Qg6 16. Qxg6 hxg6 17. Rfe1 Rfd8 18. Rac1 f6 19. e4 e5 20. Be3 Bb6
21. exd5 cxd5 22. Bxb6 axb6 23. a3 Kf7 24. Kf1 Ke6 25. f4 g5 26. fxe5 fxe5 27.
Ke2 Ra4 28. Rf1 g4 29. c4 Rxc4 30. Rxc4 dxc4 31. hxg4 Rd3 32. Rf3 Rb3 33. Rxb3
cxb3 34. Kd3 Kd5 35. Kc3 Ke4 0-1

[Event "Scarborough CC Spring-Summer Swiss"]
[Site "Toronto CAN"]
[Date "2022.05.05"]
[Round "5.5"]
[White "Lawless, David"]
[Black "Huang, Richard"]
[Result "1/2-1/2"]
[WhiteElo "2047"]
[BlackElo "1974"]
[PlyCount "114"]
[EventDate "2022.04.07"]
[EventType "swiss"]
[EventRounds "6"]
[EventCountry "CAN"]

1. e4 e5 2. Nf3 Nc6 3. Bb5 Nf6 4. d3 Bc5 5. c3 d6 6. h3 h6 7. Nbd2 O-O 8. O-O
Bb6 9. Re1 Ne7 10. Nf1 c6 11. Ba4 Ng6 12. Ng3 Bc7 13. Bc2 a5 14. a4 Re8 15. d4
Bb6 16. Be3 Be6 17. Qd2 Qe7 18. Nf5 Bxf5 19. exf5 Nf8 20. dxe5 dxe5 21. Bxb6
N8d7 22. Be3 Rad8 23. Qe2 Nd5 24. Rad1 N7f6 25. Qc4 Qc7 26. Bc1 Re7 27. b4 Ne8
28. bxa5 Nd6 29. Qb3 e4 30. Nd4 Qxa5 31. Bd2 Qb6 32. Qxb6 Nxb6 33. g4 Nbc4 34.
Bc1 Ree8 35. Kg2 Nb6 36. f3 Nd5 37. Bxe4 Nxc3 38. Rd3 Nxa4 39. Ne2 Nc5 40. Rdd1
Ndxe4 41. Rxd8 Rxd8 42. fxe4 Nxe4 43. Ng3 Nc5 44. Bf4 Nd3 45. Rf1 b5 46. f6 g5
47. Bc7 Rd7 48. Bb6 b4 49. Nf5 Kh7 50. Kf3 Ne5+ 51. Ke4 Nc4 52. Be3 b3 53. Rb1
b2 54. h4 Rb7 55. Bc1 bxc1=Q 56. Rxc1 Rb4 57. hxg5 Nd6+ 1/2-1/2

[Event "Scarborough CC Spring-Summer Swiss"]
[Site "Toronto CAN"]
[Date "2022.05.05"]
[Round "5.6"]
[White "Wu, Benjamin"]
[Black "Smolkin, Ben"]
[Result "1/2-1/2"]
[WhiteElo "1849"]
[BlackElo "1825"]
[PlyCount "38"]
[EventDate "2022.04.07"]
[EventType "swiss"]
[EventRounds "6"]
[EventCountry "CAN"]

1. e4 e5 2. Nf3 Nc6 3. Bb5 f5 4. d3 Nf6 5. O-O Bc5 6. Nc3 O-O 7. exf5 Qe8 8.
Re1 Qh5 9. Ne4 Bb6 10. Ng3 Qg4 11. Bxc6 dxc6 12. d4 Bxd4 13. Nxd4 Qxd4 14. Bg5
Qd6 15. Qxd6 cxd6 16. Rad1 Nd5 17. c4 Nb6 18. b3 Bxf5 19. Rxd6 Rae8 1/2-1/2

[Event "Scarborough CC Spring-Summer Swiss"]
[Site "Toronto CAN"]
[Date "2022.05.12"]
[Round "6.1"]
[White "Jacobs, Michael"]
[Black "Huang, Youhe"]
[Result "1-0"]
[WhiteElo "1755"]
[BlackElo "1974"]
[PlyCount "117"]
[EventDate "2022.04.07"]
[EventType "swiss"]
[EventRounds "6"]
[EventCountry "CAN"]

1. e4 c5 2. c3 e6 3. d4 d5 4. exd5 Qxd5 5. Nf3 Nf6 6. Nbd2 cxd4 7. cxd4 Be7 8.
Bc4 Qd6 9. O-O O-O 10. Bb3 Nc6 11. Nc4 Qc7 12. g3 Rd8 13. Bf4 Qd7 14. Ba4 Qd5
15. Ne3 Qh5 16. Bxc6 bxc6 17. Ne5 Qxd1 18. Rfxd1 Bb7 19. Rac1 Rac8 20. N3c4 c5
21. Be3 Nd5 22. dxc5 Bxc5 23. Bxc5 Rxc5 24. b4 Rc7 25. Na5 Rdc8 26. Rxc7 Rxc7
27. Nxb7 Rxb7 28. Rc1 Kf8 29. a3 f6 30. Rc8+ Ke7 31. Rg8 Rc7 32. Rxg7+ Kd6 33.
Nf7+ Ke7 34. Ng5+ Kd6 35. Rxc7 Nxc7 36. Nxh7 Ke7 37. g4 Nb5 38. a4 Nc3 39. a5
a6 40. g5 fxg5 41. Nxg5 Kf6 42. Nf3 Nd5 43. b5 axb5 44. Nd4 b4 45. a6 e5 46.
Nb3 Kf5 47. Kg2 Kg4 48. a7 Nb6 49. f3+ Kh4 50. Na5 Kg5 51. Kg3 Kh5 52. f4 exf4+
53. Kxf4 Nd5+ 54. Ke5 Nc7 55. Kf6 Kg4 56. Ke7 Kh3 57. Kd8 Na8 58. Kc8 b3 59.
Nxb3 1-0

[Event "Scarborough CC Spring-Summer Swiss"]
[Site "Toronto CAN"]
[Date "2022.05.12"]
[Round "6.2"]
[White "Gao, Raymond"]
[Black "Pedersen, Rune"]
[Result "0-1"]
[WhiteElo "2048"]
[BlackElo "2200"]
[PlyCount "198"]
[EventDate "2022.04.07"]
[EventType "swiss"]
[EventRounds "6"]
[EventCountry "CAN"]

1. e4 c5 2. Nf3 Nc6 3. Bb5 g6 4. O-O Bg7 5. Re1 Nf6 6. c3 O-O 7. h3 Qb6 8. a4
a6 9. Bc4 e6 10. e5 Nd5 11. Qb3 Qxb3 12. Bxb3 Na5 13. Ba2 c4 14. Na3 b5 15.
axb5 axb5 16. Nxb5 Nb3 17. Bxb3 Rxa1 18. Bxc4 Ba6 19. Nd6 Bxc4 20. Nxc4 Nf4 21.
d4 Rxc1 22. Rxc1 Ne2+ 23. Kf1 Nxc1 24. Nfd2 Bh6 25. Ne4 f5 26. Nf6+ Rxf6 27.
exf6 d5 28. Ne5 Bd2 29. Nf3 Nb3 30. Ke2 Bf4 31. g3 Bd6 32. g4 Bf4 33. g5 h6 34.
h4 hxg5 35. hxg5 Nc1+ 36. Kf1 Nd3 37. b4 e5 38. Ke2 e4 39. Nh4 Kf7 40. b5 Bxg5
41. b6 Bf4 42. Ng2 Bb8 43. Ne3 Nf4+ 44. Kd2 Kxf6 45. c4 dxc4 46. Nxc4 Nd5 47.
b7 Bf4+ 48. Ke2 Nb4 49. Nb6 Ke7 50. f3 exf3+ 51. Kxf3 Bb8 52. Na4 Na6 53. Nb2
Kd7 54. Nc4 Kc6 55. Ne3 Kxb7 56. Ng2 g5 57. Ne3 f4 58. Ng2 Bc7 59. Kg4 Bd8 60.
Nxf4 gxf4 61. Kxf4 Kc6 62. Ke5 Nb4 63. Ke4 Bc7 64. d5+ Nxd5 65. Kd4 Nf6 66. Kc4
Be5 67. Kd3 Kd5 68. Ke3 Bd6 69. Kd3 Bc5 70. Kc3 Bd4+ 71. Kd3 Nh5 72. Ke2 Ke4
73. Kd2 Nf4 74. Kc2 Be3 75. Kc3 Kd5 76. Kb3 Kc5 77. Kc3 Kb5 78. Kb3 Bd4 79. Kc2
Kc4 80. Kd2 Bf2 81. Kc2 Be3 82. Kd1 Kd3 83. Ke1 Bc5 84. Kf1 Bd4 85. Ke1 Ke3 86.
Kd1 Nd3 87. Kc2 Nc5 88. Kd1 Bc3 89. Kc2 Kd4 90. Kc1 Kd3 91. Kd1 Ne4 92. Kc1
Bd2+ 93. Kb2 Nc5 94. Kb1 Kc3 95. Ka2 Kc2 96. Ka3 Bc3 97. Ka2 Bb4 98. Ka1 Nd3
99. Ka2 Nc1+ 0-1

[Event "Scarborough CC Spring-Summer Swiss"]
[Site "Toronto CAN"]
[Date "2022.05.12"]
[Round "6.3"]
[White "Yang, Larry"]
[Black "Southam, David"]
[Result "0-1"]
[WhiteElo "1715"]
[BlackElo "2117"]
[PlyCount "118"]
[EventDate "2022.04.07"]
[EventType "swiss"]
[EventRounds "6"]
[EventCountry "CAN"]

1. e4 e6 2. d4 d5 3. e5 c5 4. c3 Nc6 5. Nf3 Bd7 6. Be2 Nge7 7. O-O Ng6 8. Re1
Be7 9. Bf1 O-O 10. g3 cxd4 11. cxd4 Qb6 12. h4 f6 13. h5 Nh8 14. b3 fxe5 15.
dxe5 Bc5 16. Be3 Nf7 17. Bxc5 Qxc5 18. Nbd2 Nfxe5 19. Nxe5 Qxf2+ 20. Kh1 Nxe5
21. Rxe5 Qxg3 22. Re2 Rf4 23. Rh2 Raf8 24. Bg2 Rh4 25. Qg1 Rff4 26. Nf1 Qc3 27.
Rd1 b6 28. h6 Rhg4 29. hxg7 Rxg7 30. Rh3 Qe5 31. Qe3 Qg5 32. Rd2 h5 33. Rf2 Rg4
34. Qxg5 R7xg5 35. Rhf3 Rg7 36. Kh2 R4g6 37. Bh3 Kh7 38. Rf6 Rxf6 39. Rxf6 Rg6
40. Rf7+ Rg7 41. Rxg7+ Kxg7 42. Kg3 Kf6 43. Kf3 Bc6 44. Ng3 Kg5 45. Bxe6 h4 46.
Nf1 d4+ 47. Kf2 Kf4 48. Nd2 Ke5 49. Bh3 Kf4 50. Bc8 Bd5 51. Bd7 a5 52. Nc4 Bxc4
53. bxc4 Ke4 54. Ke2 d3+ 55. Kd2 Kd4 56. Be6 a4 57. Bd5 h3 58. Bc6 h2 59. Bh1
Kxc4 0-1

[Event "Scarborough CC Spring-Summer Swiss"]
[Site "Toronto CAN"]
[Date "2022.05.12"]
[Round "6.4"]
[White "Hay, Jonathan"]
[Black "Jeyakumar, Bhavatharshan"]
[Result "0-1"]
[WhiteElo "2034"]
[BlackElo "1808"]
[PlyCount "78"]
[EventDate "2022.04.07"]
[EventType "swiss"]
[EventRounds "6"]
[EventCountry "CAN"]

1. e4 c6 2. d4 d5 3. e5 c5 4. c3 Nc6 5. Nf3 Bg4 6. Be2 e6 7. Nbd2 Nh6 8. h3
Bxf3 9. Nxf3 Nf5 10. g4 Nh4 11. Nxh4 Qxh4 12. a3 Be7 13. Bf4 cxd4 14. cxd4 Bd8
15. Bg3 Qe7 16. f4 O-O 17. O-O Nxd4 18. Bf2 Nxe2+ 19. Qxe2 Bb6 20. Bxb6 axb6
21. f5 Qh4 22. Kh2 Rac8 23. Rf2 Rc6 24. Raf1 exf5 25. Rxf5 Qe7 26. Qd3 g6 27.
R5f2 Qxe5+ 28. Kh1 Qe4+ 29. Qxe4 dxe4 30. Rf4 Re6 31. Re1 f5 32. gxf5 gxf5 33.
Ref1 Re5 34. Kg2 Kg7 35. Kf2 Kf6 36. Ke3 Rd8 37. Rh4 Kg5 38. Rhf4 Rd3+ 39. Ke2
Rxh3 0-1

[Event "Scarborough CC Spring-Summer Swiss"]
[Site "Toronto CAN"]
[Date "2022.05.12"]
[Round "6.5"]
[White "Wu, Benjamin"]
[Black "Huang, Richard"]
[Result "1/2-1/2"]
[WhiteElo "1849"]
[BlackElo "1974"]
[PlyCount "68"]
[EventDate "2022.04.07"]
[EventType "swiss"]
[EventRounds "6"]
[EventCountry "CAN"]

1. c4 e5 2. Nc3 Nf6 3. g3 Be7 4. Bg2 O-O 5. Nf3 d6 6. d3 c6 7. O-O Be6 8. b3 h6
9. d4 e4 10. Nd2 d5 11. e3 Qd7 12. Bb2 Na6 13. a3 Nc7 14. c5 Bh3 15. b4 Bxg2
16. Kxg2 Ne6 17. h4 g5 18. hxg5 hxg5 19. Rh1 Kg7 20. Qe2 Rh8 21. b5 Ng4 22.
Ncxe4 dxe4 23. d5+ f6 24. dxe6 Qxe6 25. bxc6 bxc6 26. Bd4 Qf5 27. Nc4 Nh2 28.
Nd2 Qh3+ 29. Kg1 Nf3+ 30. Qxf3 exf3 31. Rxh3 Rxh3 32. Nxf3 Kg6 33. Rb1 Rh7 34.
Rb7 Bf8 1/2-1/2

[Event "Scarborough CC Spring-Summer Swiss"]
[Site "Toronto CAN"]
[Date "2022.05.12"]
[Round "6.6"]
[White "Chamberland, Luc"]
[Black "Lawless, David"]
[Result "0-1"]
[WhiteElo "1775"]
[BlackElo "2047"]
[PlyCount "94"]
[EventDate "2022.04.07"]
[EventType "swiss"]
[EventRounds "6"]
[EventCountry "CAN"]

1. e4 e5 2. Nc3 Nf6 3. f4 d5 4. exd5 e4 5. Qe2 Bf5 6. Qb5+ Nbd7 7. d6 c5 8.
Qxb7 Bxd6 9. g3 O-O 10. Bg2 Re8 11. Qa6 Re6 12. Qe2 h5 13. Nh3 Bg4 14. Qf1 Nb6
15. Ng5 Re8 16. h3 Bf5 17. Qe2 c4 18. O-O Bc5+ 19. Kh2 Qd4 20. Nb5 Qd7 21. Nc3
Rad8 22. Re1 Qc7 23. Ncxe4 Bxe4 24. Bxe4 Nxe4 25. Nxe4 f5 26. Qxh5 Rxe4 27.
Rxe4 fxe4 28. b3 Bd4 29. Rb1 Bf6 30. Qf5 Re8 31. Ba3 c3 32. Qh5 Qc8 33. Qe2
cxd2 34. Qxd2 e3 35. Qd3 e2 36. Re1 Qe6 37. c4 Nd7 38. Bb4 Nb8 39. Qd5 Nc6 40.
Qxe6+ Rxe6 41. Bd2 Nd4 42. Kg2 Nc2 43. Kf2 Bd4+ 44. Kf3 Nxe1+ 45. Bxe1 Re3+ 46.
Kg4 Kf7 47. h4 Rd3 0-1

[Event "Scarborough CC-ch"]
[Site "Toronto CAN"]
[Date "2022.05.19"]
[Round "1.1"]
[White "Huang, Youhe"]
[Black "Mendoza, Armand Jess"]
[Result "1-0"]
[WhiteElo "2216"]
[BlackElo "1943"]
[PlyCount "67"]
[EventDate "2022.05.19"]
[EventType "swiss"]
[EventRounds "5"]
[EventCountry "CAN"]

1. e4 c5 2. Nf3 d6 3. Bb5+ Nd7 4. c4 Ngf6 5. Nc3 e6 6. O-O Be7 7. d4 O-O 8. e5
dxe5 9. dxe5 Ne8 10. Qe2 a6 11. Ba4 Nb6 12. Bc2 f5 13. exf6 Bxf6 14. Qe4 g6 15.
Bh6 Rf7 16. Ne5 Bxe5 17. Qxe5 Nxc4 18. Qxc5 Qh4 19. Bg5 Qh5 20. Ne4 Qe2 21.
Rac1 Nxb2 22. Qd4 h6 23. Bxh6 Nc4 24. Bd1 Qxa2 25. Qd8 Bd7 26. Qxa8 Kh7 27.
Ng5+ Kxh6 28. Nxf7+ Kg7 29. Qd8 Bb5 30. Ng5 Ne5 31. Qe7+ Kh6 32. Nxe6 Be2 33.
Qf8+ Kh5 34. Qh8+ 1-0

[Event "Scarborough CC-ch"]
[Site "Toronto CAN"]
[Date "2022.05.19"]
[Round "1.2"]
[White "Cifuentes, Hector"]
[Black "Southam, David"]
[Result "0-1"]
[WhiteElo "1889"]
[BlackElo "2042"]
[PlyCount "94"]
[EventDate "2022.05.19"]
[EventType "swiss"]
[EventRounds "5"]
[EventCountry "CAN"]

1. Nf3 d5 2. g3 c6 3. Bg2 Nf6 4. d4 Bf5 5. c4 e6 6. cxd5 exd5 7. Nc3 Bd6 8. a3
a5 9. b3 Qe7 10. Nh4 Bc8 11. Qc2 O-O 12. Nf5 Bxf5 13. Qxf5 Re8 14. O-O Ne4 15.
Nxe4 dxe4 16. Bg5 Qe6 17. Qxe6 Rxe6 18. Bh3 Re8 19. Rfd1 f6 20. Bf4 Bxf4 21.
gxf4 Na6 22. Rac1 Nc7 23. e3 a4 24. Bf1 axb3 25. Rc3 Rxa3 26. Rb1 Nd5 27. Bc4
Kf8 28. Bxd5 cxd5 29. Rcxb3 Rxb3 30. Rxb3 Re7 31. h4 Rd7 32. h5 Ke7 33. f3 exf3
34. f5 Kd6 35. Kf2 Kc6 36. Kxf3 b5 37. Rc3+ Kb6 38. Rc5 b4 39. Ke2 Rc7 40. Rxd5
b3 41. Rd6+ Ka7 42. Rd5 b2 43. Rb5 Rb7 44. Rxb2 Rxb2+ 45. Kd3 Kb6 46. e4 Kc6
47. Ke3 Rh2 0-1

[Event "Scarborough CC-ch"]
[Site "Toronto CAN"]
[Date "2022.05.19"]
[Round "1.3"]
[White "Gao, Raymond"]
[Black "D'Souza, Carina"]
[Result "1-0"]
[WhiteElo "2087"]
[BlackElo "1833"]
[PlyCount "73"]
[EventDate "2022.05.19"]
[EventType "swiss"]
[EventRounds "5"]
[EventCountry "CAN"]

1. e4 c5 2. Nf3 d6 3. d4 cxd4 4. Nxd4 Nf6 5. Nc3 a6 6. Be3 e6 7. Rg1 h5 8. h3
Qc7 9. g4 hxg4 10. hxg4 Nfd7 11. Qe2 Nc6 12. O-O-O b5 13. g5 b4 14. Na4 Nxd4
15. Bxd4 e5 16. Be3 Bb7 17. Bg2 Rc8 18. g6 f6 19. b3 Bc6 20. Nb2 Bb5 21. Qd2 a5
22. Kb1 Qc3 23. Qd5 Qc6 24. Qf7+ Kd8 25. Rh1 Rxh1 26. Rxh1 Kc7 27. Rd1 Kb7 28.
Rd2 Qc7 29. Bh3 Rd8 30. Rd5 Bc6 31. Nc4 Bxd5 32. Qxd5+ Kb8 33. Nxa5 Rc8 34.
Qb5+ Ka8 35. Qa6+ Kb8 36. Nc6+ Qxc6 37. Qa7# 1-0

[Event "Scarborough CC-ch"]
[Site "Toronto CAN"]
[Date "2022.05.19"]
[Round "1.4"]
[White "Wu, Benjamin"]
[Black "Lawless, David"]
[Result "1-0"]
[WhiteElo "1843"]
[BlackElo "1990"]
[PlyCount "81"]
[EventDate "2022.05.19"]
[EventType "swiss"]
[EventRounds "5"]
[EventCountry "CAN"]

1. e4 e5 2. Nf3 Nc6 3. Bb5 a6 4. Ba4 Nf6 5. O-O Nxe4 6. d4 b5 7. Bb3 d5 8. dxe5
Be6 9. Nbd2 Nc5 10. c3 d4 11. Bxe6 Nxe6 12. cxd4 Ncxd4 13. a4 Rb8 14. Ne4 Be7
15. axb5 axb5 16. Nxd4 Qxd4 17. Qxd4 Nxd4 18. Ra7 Ne6 19. f4 Nc5 20. Nc3 Kd7
21. Nd5 Bd8 22. Be3 Nb7 23. Nb4 c5 24. Na6 Kc8 25. Nxb8 Kxb8 26. Rfa1 Re8 27.
Kf2 Re6 28. f5 Rc6 29. Bf4 Kc8 30. Ra8+ Kd7 31. R1a7 Rb6 32. Rb8 Kc6 33. Raxb7
Rxb7 34. Rxd8 c4 35. e6 fxe6 36. fxe6 Re7 37. Rd6+ Kc5 38. Ra6 Kd4 39. Bg5 Re8
40. e7 h6 41. Rd6+ 1-0

[Event "Scarborough CC-ch"]
[Site "Toronto CAN"]
[Date "2022.05.19"]
[Round "1.5"]
[White "Hay, Jonathan"]
[Black "Li, Adam"]
[Result "1-0"]
[WhiteElo "2022"]
[BlackElo "1846"]
[PlyCount "75"]
[EventDate "2022.05.19"]
[EventType "swiss"]
[EventRounds "5"]
[EventCountry "CAN"]

1. d4 d5 2. Bf4 Nf6 3. e3 e6 4. Nd2 Bd6 5. Bg3 O-O 6. Ngf3 b6 7. Bd3 Bb7 8. Ne5
Nbd7 9. f4 Ne4 10. Nxe4 dxe4 11. Bc4 Bd5 12. Bb3 f6 13. Nxd7 Qxd7 14. O-O a5
15. c4 Bb7 16. c5 Be7 17. f5 Bd5 18. c6 Qxc6 19. Rc1 Qb5 20. Rxc7 Bd8 21. Rc3
a4 22. Bxd5 Qxd5 23. fxe6 Re8 24. Qg4 Rxe6 25. a3 Ra5 26. Rc8 Rc6 27. Rc1 Rxc1+
28. Rxc1 Rb5 29. Rc8 Kf7 30. Qe2 Be7 31. Rc7 Rb3 32. Be1 Ke8 33. Qa6 Rxe3 34.
Bb4 Bd8 35. Qc8 Rb3 36. Re7+ Kf8 37. Rd7+ Rxb4 38. Qxd8# 1-0

[Event "Scarborough CC-ch"]
[Site "Toronto CAN"]
[Date "2022.05.19"]
[Round "1.6"]
[White "Jeyakumar, Bhavatharshan"]
[Black "Huang, Richard"]
[Result "1/2-1/2"]
[WhiteElo "1778"]
[BlackElo "1953"]
[PlyCount "50"]
[EventDate "2022.05.19"]
[EventType "swiss"]
[EventRounds "5"]
[EventCountry "CAN"]

1. e4 e5 2. Nf3 Nc6 3. Bb5 a6 4. Ba4 Nf6 5. O-O Nxe4 6. Re1 Nc5 7. Bxc6 dxc6 8.
Nxe5 Be7 9. d4 Ne6 10. c3 O-O 11. Nd2 c5 12. Ndf3 cxd4 13. cxd4 c5 14. dxc5
Qxd1 15. Rxd1 Nxc5 16. Be3 Bf5 17. Bxc5 Bxc5 18. Rac1 Rac8 19. h3 f6 20. Nc4
Be4 21. Ncd2 Bg6 22. Nb3 Bb6 23. Rxc8 Rxc8 24. Rc1 Rd8 25. Nbd2 Rd7 1/2-1/2

[Event "Scarborough CC-ch"]
[Site "Toronto CAN"]
[Date "2022.05.19"]
[Round "1.7"]
[White "Sharpe, Sam"]
[Black "Jacobs, Michael"]
[Result "1/2-1/2"]
[WhiteElo "1952"]
[BlackElo "1983"]
[PlyCount "117"]
[EventDate "2022.05.19"]
[EventType "swiss"]
[EventRounds "5"]
[EventCountry "CAN"]

1. d4 d5 2. Nf3 Nf6 3. e3 c5 4. b3 Nc6 5. Bb2 Bg4 6. Be2 e6 7. O-O Bxf3 8. Bxf3
cxd4 9. exd4 Bd6 10. Re1 O-O 11. c4 Rc8 12. Nd2 b6 13. Nf1 dxc4 14. bxc4 Na5
15. c5 bxc5 16. dxc5 Bxc5 17. Rc1 Qxd1 18. Rexd1 Bb6 19. Ne3 Rfd8 20. Rxd8+
Rxd8 21. Kf1 Nd5 22. Bxd5 exd5 23. Nf5 g6 24. Bf6 Re8 25. Ne7+ Kf8 26. Nxd5 Nb7
27. Nxb6 axb6 28. Rc6 Na5 29. Rxb6 Nc4 30. Rb2 Nxb2 31. Bxb2 Rc8 32. a3 Rc2 33.
Bd4 Ke7 34. g3 g5 35. Kg2 g4 36. h3 h5 37. hxg4 hxg4 38. Kf1 Ke6 39. Ke1 Kd5
40. Be3 Ra2 41. Kf1 Rxa3 42. Kg2 Ra2 43. Bb6 Ke4 44. Bc5 Kd3 45. Bb6 Ke2 46.
Bc5 f5 47. Bb6 Rc2 48. Ba7 Kd3 49. Bb6 Ke4 50. Be3 Ra2 51. Bf4 Ra3 52. Bb8 Rf3
53. Bc7 Kd3 54. Bb6 Ke2 55. Bc5 f4 56. gxf4 g3 57. fxg3 Rc3 58. Bd6 Rc6 59. Be5
1/2-1/2

[Event "Scarborough CC-ch"]
[Site "Toronto CAN"]
[Date "2022.05.19"]
[Round "1.8"]
[White "Yang, Larry"]
[Black "Manalo, Pepin"]
[Result "1-0"]
[WhiteElo "1722"]
[BlackElo "1931"]
[PlyCount "139"]
[EventDate "2022.05.19"]
[EventType "swiss"]
[EventRounds "5"]
[EventCountry "CAN"]

1. e4 e6 2. d4 c5 3. d5 d6 4. c4 Nf6 5. Nc3 Be7 6. Bd3 e5 7. Nge2 Nbd7 8. Ng3
g6 9. h4 h5 10. Bg5 a6 11. Qd2 Qc7 12. O-O-O Rb8 13. a4 Qa5 14. Rdf1 Nb6 15. b3
Nbd7 16. f4 Qd8 17. Rf3 Ng4 18. Bxe7 Qxe7 19. f5 Ndf6 20. fxg6 fxg6 21. Qg5 Qg7
22. Nf5 Bxf5 23. exf5 O-O 24. fxg6 e4 25. Nxe4 Nxe4 26. Bxe4 Qa1+ 27. Bb1 Rxf3
28. gxf3 Qc3+ 29. Bc2 Qa1+ 30. Kd2 Qd4+ 31. Kc1 Qe3+ 32. Qxe3 Nxe3 33. Rh2 Rf8
34. Be4 Kg7 35. Re2 Nf5 36. Bxf5 Rxf5 37. Re7+ Kxg6 38. Re6+ Kf7 39. Rxd6 Rxf3
40. Rd7+ Kf6 41. Rxb7 Rh3 42. Kb2 Rh2+ 43. Ka3 Rxh4 44. Rc7 Rd4 45. Rxc5 h4 46.
Rc8 Kg5 47. Kb4 h3 48. Rg8+ Kf4 49. Rg1 h2 50. Rh1 Kg3 51. Kc5 Rd2 52. d6 Kg2
53. Rxh2+ Kxh2 54. Kc6 Kg3 55. d7 Kf4 56. Kc7 Ke5 57. d8=Q Rxd8 58. Kxd8 Kd6
59. b4 Kc6 60. Ke7 Kc7 61. a5 Kc6 62. Ke6 Kc7 63. Kd5 Kd7 64. Kc5 Kc7 65. b5
axb5 66. cxb5 Kb7 67. Kd6 Kb8 68. Kc6 Kc8 69. b6 Kb8 70. b7 1-0

[Event "Scarborough CC-ch"]
[Site "Toronto CAN"]
[Date "2022.05.26"]
[Round "2.1"]
[White "Hay, Jonathan"]
[Black "Huang, Youhe"]
[Result "1/2-1/2"]
[WhiteElo "2022"]
[BlackElo "2216"]
[PlyCount "81"]
[EventDate "2022.05.19"]
[EventType "swiss"]
[EventRounds "5"]
[EventCountry "CAN"]

1. d4 d5 2. Bf4 c5 3. e3 Nc6 4. Nf3 Nf6 5. Nbd2 e6 6. c3 cxd4 7. exd4 Nh5 8.
Be3 Bd6 9. Ne5 g6 10. g4 Ng7 11. h4 Nxe5 12. dxe5 Bxe5 13. h5 O-O 14. Qf3 d4
15. cxd4 Bxd4 16. O-O-O Qc7+ 17. Kb1 Bxe3 18. Qxe3 Rd8 19. Qh6 Ne8 20. Rc1 Qe5
21. hxg6 hxg6 22. Nf3 Qg7 23. Qf4 Bd7 24. Ne5 Qf6 25. Qe3 Bc6 26. Rh3 Nc7 27.
Bc4 Nd5 28. Bxd5 Rxd5 29. f4 Rad8 30. Rh2 Rd4 31. Rf2 Qh4 32. Nxc6 bxc6 33. f5
Qxg4 34. fxg6 Qxg6+ 35. Ka1 Rd1 36. Rf1 R8d3 37. Qxa7 Rxc1+ 38. Rxc1 Rg3 39.
Qa8+ Kg7 40. Qxc6 Rg1 41. Qc3+ 1/2-1/2

[Event "Scarborough CC-ch"]
[Site "Toronto CAN"]
[Date "2022.05.26"]
[Round "2.2"]
[White "Southam, David"]
[Black "Wu, Benjamin"]
[Result "1-0"]
[WhiteElo "2042"]
[BlackElo "1843"]
[PlyCount "101"]
[EventDate "2022.05.19"]
[EventType "swiss"]
[EventRounds "5"]
[EventCountry "CAN"]

1. d4 Nf6 2. c4 e6 3. Nc3 d5 4. cxd5 exd5 5. Bg5 Be7 6. e3 O-O 7. Bd3 b6 8.
Nge2 Ba6 9. Bxa6 Nxa6 10. Qa4 Nb8 11. O-O Qd7 12. Rac1 Qxa4 13. Nxa4 Na6 14. a3
b5 15. Bxf6 Bxf6 16. Nc5 Nb8 17. Rc2 c6 18. Rfc1 Be7 19. Nd3 Bd6 20. g3 a5 21.
Kg2 Ra7 22. Nef4 Re8 23. Nc5 Bxf4 24. gxf4 f6 25. h4 Kf7 26. Kf3 g6 27. h5 Rae7
28. Rh1 Kg7 29. Rcc1 Rh8 30. Rcg1 Ree8 31. Nb7 a4 32. Rc1 Re7 33. Nc5 Rd8 34.
Rh2 Rh8 35. Nd3 Ree8 36. Nb4 Rc8 37. Rg1 Rce8 38. Rhg2 Kf7 39. hxg6+ hxg6 40.
Rxg6 Rh3+ 41. Ke2 Rh7 42. R6g2 Reh8 43. Rc1 Rh1 44. Rgg1 Rxg1 45. Rxg1 Rd8 46.
f5 Rd7 47. f3 Rd8 48. Rc1 Rh8 49. Kd3 Kg7 50. Rc2 Rh3 51. f4 1-0

[Event "Scarborough CC-ch"]
[Site "Toronto CAN"]
[Date "2022.05.28"]
[Round "2.3"]
[White "Jacobs, Michael"]
[Black "Yang, Larry"]
[Result "1-0"]
[WhiteElo "1983"]
[BlackElo "1722"]
[PlyCount "73"]
[EventDate "2022.05.19"]
[EventType "swiss"]
[EventRounds "5"]
[EventCountry "CAN"]

1. e4 e5 2. Nf3 Nc6 3. d4 exd4 4. Bc4 Nf6 5. O-O d6 6. c3 Be7 7. Re1 dxc3 8.
Nxc3 O-O 9. h3 Kh8 10. b4 Nd7 11. a3 Nde5 12. Nxe5 Nxe5 13. Bb3 Bf6 14. Bb2 Be6
15. Bxe6 fxe6 16. Qe2 Nc6 17. Rad1 a6 18. Qg4 Bd4 19. Re2 Qf6 20. e5 Bxf2+ 21.
Kh1 Nxe5 22. Qe4 Bg3 23. Qb1 Qf5 24. Ne4 Bh4 25. Qa1 Bf6 26. Nxf6 gxf6 27. Rf1
Qg6 28. Qc1 Rac8 29. Ref2 Kg8 30. Qe3 Nc4 31. Qxe6+ Qf7 32. Qg4+ Qg6 33. Qxc4+
Kg7 34. Qe6 Rce8 35. Bxf6+ Kh6 36. Qc4 Re4 37. Qc1+ 1-0

[Event "Scarborough CC-ch"]
[Site "Toronto CAN"]
[Date "2022.05.26"]
[Round "2.4"]
[White "Huang, Richard"]
[Black "Sharpe, Sam"]
[Result "1-0"]
[WhiteElo "1953"]
[BlackElo "1952"]
[PlyCount "55"]
[EventDate "2022.05.19"]
[EventType "swiss"]
[EventRounds "5"]
[EventCountry "CAN"]

1. d4 d5 2. Bf4 e6 3. Nf3 c5 4. e3 Nc6 5. c3 Bd6 6. Bg3 Nf6 7. Bd3 O-O 8. O-O
Ne4 9. Ne5 Nxg3 10. Nxc6 bxc6 11. hxg3 cxd4 12. cxd4 Qb6 13. Qc2 g6 14. Rc1 Bb7
15. Nd2 e5 16. Nb3 e4 17. Bf1 f5 18. Nc5 Rac8 19. Nd7 Qd8 20. Nxf8 Qxf8 21. Qa4
Bb8 22. Ba6 Qe7 23. Bxb7 Qxb7 24. Rc2 g5 25. Rac1 f4 26. Rxc6 Rd8 27. Qb3 f3
28. Qxb7 1-0